000 00685nam a22001937a 4500
008 160322b xxu||||| |||| 00| 0 eng d
020 _a9781466569935
082 _22014
_aDC 794.815265
_bL96
100 _94132
_aLucka, Thomas
245 _aiOS game development:
_bdeveloping games for iPAD, iPHONE, and iPOD TOUCH/
_cThomas Lucka
260 _aNew York:
_bCRC Press,
_cc2014.
300 _axv, 378 pages:
_bcolored illustrations;
_c23.5 cm.
500 _aIncludes bibliography and index.
650 0 _94137
_aComputer games
_xProgramming
650 0 _94140
_aiPHONE (Smartphone)
_xProgramming
650 0 _94142
_aiOS (Electronic resource)
365 _b3,695.00
_cPhp.
942 _2ddc
_cDC
999 _c1379
_d1379